LEADER 01057nam a2200265 a 4500 001 000000148563 003 CaOOAMICUS 005 20160114125501.0 008 160114s1938 mr u000 u fre r 032 $aLibriCat 040 $aPUL$bita 100 1 $aCarolus de Foucauld,$csanto,$d1858-1916.$0(OLS)http://pul/name/40585 245 12$aL'Evangile présenté aux pauvres du Sahara / $cP.Charles De Foucauld. 260 $aRabat :$bFoch,$c1938. 300 $a150 p. ;$c20 cm. 650 04$aEvangelizzazione$zAfrica.$0(OLS)http://pul/subject/16489 850 $aPUL 852 $aPUL$W1$xDP1 Religione 1$y20$m642 T 40$j171410$qStampati$B172831$CPULBib$Z2$F172831 $81 900 $aDe Foucauld, Charles Eugène,$cb.,$d1858-1916$940585 900 $aCarolus de Foucauld,$cb.,$d1858-1916?$940585 900 $aCharles de Foucauld,$cb.,$d1858-1916$940585 941 1 $a8 996 $6245$aL'Evangile présenté aux pauvres du Sahara / $9(OLS)http://pul/title/187373 996 $6260$aRabat :$bFoch$9(OLS)http://pul/publisher/84403